| 000 | 00569cam a2200181 a 4500 | ||
|---|---|---|---|
| 001 | 000019040 | ||
| 005 | 20200929165916.0 | ||
| 008 | 830325s1927 nyu 000 0 eng d | ||
| 040 |
_aDO-SdBNP _dspa _dBNPHU |
||
| 041 | 1 | 7 |
_aspa _2eng |
| 082 |
_a813.5 _bD771s |
||
| 100 | 1 |
_aDreiser, Theodore, _d1871-1945. _940284 |
|
| 245 | 1 | 0 |
_aSister Carrie / _cTheodore Dreiser ; with a new foreword by the author. |
| 260 |
_aNew York : _bThe modern library, _c1927. |
||
| 300 |
_a557 p. ; _c20 cm. |
||
| 650 | 4 |
_aNovela estadounidense _9262 |
|
| 650 | 4 |
_aLiteratura estadounidense _9263 |
|
| 999 |
_c18558 _d18558 |
||